000 00913nam a2200277 a 4500
001 51534
003 BD-RjUL
005 20211209075657.0
008 160831s1991 enka|||| |||| 00| 0 eng d
020 _a080393971X
035 _a(BD-RjUL) 51654
040 _aBD-RjUL
_beng
_cBD-RjUL
041 _aeng
082 _223
_a519.536
_bFOR 1991
100 1 _aFox, John
_9154050
245 1 0 _aRegression diagnostics /
_cJohn Fox
260 _aNewbury Park, Calif. :
_b Sage Publications,
_c©1991.
300 _a92 p. :
_bill. ;
_c21 cm.
490 _aQuantitative applications in the social sciences ;
_vno. 07-079.
504 _aIncludes bibliography
650 _a Regression analysis.
_9118127
650 _aRegression Analysis
_9118127
650 _aSocial sciences
_xStatistical methods
_9154051
830 _aQuantitative applications in the social sciences ;
_vno. 07-079.
_9154044
942 _2ddc
_cBK
999 _c51534
_d51534